Logo BPK

Biblioteka

Politechniki Koszalińskiej

Techniki próżni i technologie próżniowe : (Rekord nr 42856)

Szczegóły MARC
000 -ETYKIETA REKORDU
podpole kontrolne o stałej długości 00979nam a2200229 i 4500
001 - NUMER KONTROLNY REKORDU
pole kontrolne bg
040 ## - ŹRÓDŁO KATALOGOWANIA
Instytucja, która utworzyła rekord BPK
041 0# - KOD JĘZYKA
Kod języka tekstu poleng
Kod języka streszczenia lub abstraktu eng
080 ## - UNIWERSALNA KLASYFIKACJA DZIESIĘTNA - UKD
UKD 533.9:533.5:621.791/.795](061)
008 - POLE O STAŁEJ DŁUGOŚCI - DANE KONTROLNE
podpole kontrolne o stałej długości s pl f |000 0 pol
245 10 - TYTUŁ/ODPOWIEDZIALNOŚĆ
Tytuł Techniki próżni i technologie próżniowe :
Ciąg dalszy tytułu wybrane materiały VI Krajowej Konferencji Techniki Próżni i VII Polsko-Białoruskiego Sympozjum Technologii Próżniowych /
Pozostałe elementy strefy tytułu i oznaczenia odpowiedzialności [red. nauk. Piotr Szwemin, Stefan Wójcicki].
260 ## - STREFA ADRESU WYDAWNICZEGO
Miejsce wydania Warszawa :
Nazwa wydawcy/dystrybutora Oficyna Wydawnicza PW,
Data publikacji, dystrybucji/powstania dokumentu 2002.
300 ## - STREFA OPISU FIZYCZNEGO
Objętość 193, [1] s. :
Inne cechy fizyczne il. ;
Rozmiary 24 cm.
490 1# - STREFA SERII I DOKUMENTU WIELOCZĘŚCIOWEGO - FORMA NIE DO WYSZUKIWANIA
Tytuł i oznaczenie odpowiedzialności serii Prace Naukowe. Elektronika / Politechnika Warszawska,
ISSN 0137-2343 ;
Numeracja w obrębie serii z. 143
500 ## - UWAGI OGÓLNE
Tekst uwagi Tekst częściowo ang., streszcz. ang. przy ref.
500 ## - UWAGI OGÓLNE
Tekst uwagi Prace Naukowe Politechniki Warszwskiej.
504 ## - UWAGA DOTYCZĄCA BIBLIOGRAFII
Informacje o bibliografii Bibliogr po ref.
650 #9 - HASŁO PRZEDMIOTOWE W FORMIE NAZWY OGÓLNEJ LUB JEDNOSTKOWEJ
Nazwa ogólna lub geograficzna Technika próżniowa
655 ## - TERMIN INDEKSOWY - OKREŚLENIE RODZAJU/FORMY DOKUMENTU
Określenie rodzaju/formy dokumentu Materiały konferencyjne
830 #0 - HASŁO DODATKOWE SERII LUB DOKUMENTU WIELOCZĘŚCIOWEGO - TYTUŁ UJEDNOLICONY
Tytuł ujednolicony Prace Naukowe. Elektronika (Politechnika Warszawska) ;
Oznaczenie tomu z. 143
856 ## - LOKALIZACJA I DOSTĘP DO ELEKTRONICZNYCH DOKUMENTÓW ZDALNYCH
Link (URL) http://koha.tu.koszalin.pl/cgi-bin/koha/opac-detail.pl?biblionumber=42856
Tekst linku Katalog online BPK
942 ## - DODATKOWE ELEMENTY (KOHA)
Typ dokumentu Książka
Egzemplarze
Wycofany Status egzemplarza Uszkodzony Dostępność Lokalizacja stała Lokalizacja bieżąca Miejsce przechowywania Sygnatura Kod kreskowy Typ dokumentu
      Dostępny Biblioteka Politechniki Koszalińskiej Biblioteka Politechniki Koszalińskiej Wypożyczalnia BG 67574 01913521 Książka
© 2023 Biblioteka Politechniki Koszalińskiej :: KOHA